Sports Quiz

Random Sports or NBA Quiz

Top 5 NBA Technical Foul Leaders by Season Quiz Stats

 Plays Quiz Updated Jun 30, 2018

Challenge
Share
Tweet
Embed
Score 0/104 Timer 07:00
6 Plays Today
Year Answer % Correct
2017-18Draymond Green
93%
2014-15Russell Westbrook
92.9%
2012-13Russell Westbrook
92.9%
2016-17Draymond Green
92.8%
2016-17Russell Westbrook
91.6%
2017-18Russell Westbrook
91.5%
2017-18Kevin Durant
90.6%
2014-15Blake Griffin
90.2%
2013-14Blake Griffin
90.2%
2012-13Blake Griffin
90.2%
2011-12Blake Griffin
90.2%
2014-15DeMarcus Cousins
90.1%
2013-14DeMarcus Cousins
90.1%
2012-13DeMarcus Cousins
90.1%
2011-12DeMarcus Cousins
90.1%
2010-11DeMarcus Cousins
90.1%
2016-17John Wall
90.1%
2016-17DeMarcus Cousins
89.4%
2015-16DeMarcus Cousins
89.2%
2015-16Draymond Green
89%
2013-14Dwight Howard
88.9%
2010-11Dwight Howard
88.8%
2009-10Dwight Howard
88.8%
2008-09Dwight Howard
88.8%
2013-14Kevin Durant
87.7%
2017-18Blake Griffin
87.7%
2007-08Chris Paul
87.2%
2017-18Dwight Howard
87.1%
2015-16John Wall
86.4%
2010-11Kobe Bryant
85.8%
2009-10Kobe Bryant
85.8%
2007-08Kobe Bryant
85.8%
2006-07Kobe Bryant
85.8%
2005-06Kobe Bryant
85.8%
2016-17DeAndre Jordan
85.2%
Year Answer % Correct
2015-16DeAndre Jordan
84.5%
2015-16Chris Paul
84.2%
2012-13Carmelo Anthony
83.6%
2008-09Carmelo Anthony
83.6%
2007-08Carmelo Anthony
83.6%
2005-06Carmelo Anthony
83.6%
2009-10Carmelo Anthony
83.6%
2011-12Carmelo Anthony
83.6%
2006-07Carmelo Anthony
83.6%
2009-10Rasheed Wallace
82.4%
2008-09Rasheed Wallace
82.4%
2007-08Rasheed Wallace
82.4%
2006-07Rasheed Wallace
82.4%
2005-06Rasheed Wallace
82.4%
2004-05Rasheed Wallace
82.4%
2003-04Rasheed Wallace
82.4%
2001-02Rasheed Wallace
82.4%
2006-07Gerald Wallace
81.8%
2003-04Kevin Garnett
78.2%
2002-03Kevin Garnett
78.2%
2006-07Kevin Garnett
78.2%
2016-17Isaiah Thomas
76.4%
2015-16Isaiah Thomas
73%
2005-06Allen Iverson
66.4%
2003-04Jermaine O'Neal
65.8%
2002-03Jermaine O'Neal
65.8%
2010-11Amar'e Stoudemire
65.1%
2009-10Amar'e Stoudemire
65.1%
2007-08Amar'e Stoudemire
65.1%
2006-07Amar'e Stoudemire
65.1%
2004-05Amar'e Stoudemire
65.1%
2011-12Kendrick Perkins
57.3%
2009-10Kendrick Perkins
57.3%
2001-02Karl Malone
56.9%
2007-08Baron Davis
56.3%
Year Answer % Correct
2003-04Baron Davis
56.3%
2011-12Josh Smith
53.1%
2002-03Antoine Walker
50.5%
2001-02Antoine Walker
50.5%
2004-05Antoine Walker
50.5%
2002-03Gary Payton
46.8%
2010-11Stephen Jackson
45.5%
2008-09Stephen Jackson
45.5%
2005-06Stephen Jackson
45.5%
2009-10Stephen Jackson
45.5%
2006-07Stephen Jackson
45.5%
2006-07Richard Hamilton
43.7%
2011-12Tyson Chandler
43.5%
2014-15Markieff Morris
43.5%
2007-08Brad Miller
42.7%
2005-06Andre Miller
42.7%
2017-18Markieff Morris
41.9%
2014-15Matt Barnes
40.3%
2013-14Lance Stephenson
39.5%
2004-05Steve Francis
39.2%
2003-04Steve Francis
39.2%
2002-03Steve Francis
39.2%
2001-02Alonzo Mourning
32.9%
2004-05Kenyon Martin
20.5%
2007-08Kenyon Martin
20.5%
2012-13Larry Sanders
15.7%
2001-02Bonzi Wells
12.3%
2001-02Shareef Abdur-Rahim
10%
2007-08Cuttino Mobley
9.1%
2001-02Anthony Mason
6.9%
2005-06Ruben Patterson
4.2%
2008-09James Posey
2.9%
2004-05Danny Fortson
2.6%
2004-05Kelvin Cato
1.2%

You're not logged in!

Compare scores with friends on all Sporcle quizzes.
OR
Log In

You Might Also Like...

Show Comments

Extras

Top Quizzes Today


Score Distribution

Your Account Isn't Verified!

In order to create a playlist on Sporcle, you need to verify the email address you used during registration. Go to your Sporcle Settings to finish the process.

Report this User

Report this user for behavior that violates our Community Guidelines.

Details: